| 000 | 004230000a22001810004500 | ||
|---|---|---|---|
| 003 | MACL | ||
| 005 | 20151222163512.0 | ||
| 008 | 151222b xxu||||| |||| 00| 0 eng d | ||
| 040 |
_aMACL _cMACL |
||
| 041 | _aEnglish | ||
| 082 | _a900 | ||
| 100 |
_aChancellor Press _922033 |
||
| 245 | _aHistory of the World | ||
| 260 |
_bChancellor Press _c2001 |
||
| 350 | _a1590 | ||
| 650 |
_aHistory _922207 |
||
| 942 |
_cBK _k900 _2ddc |
||
| 999 |
_c39844 _d39844 |
||